Detalles MARC
| 000 -CABECERA |
| Campo de control de longitud fija |
00797nam a2200289ua 4500 |
| 003 - IDENTIFICADOR DE NÚMERO DE CONTROL |
| Campo de control |
armpcda |
| 005 - FECHA Y HORA DE LA ÚLTIMA MODIFICACIÓN |
| control field |
20160802124855.0 |
| 040 ## - FUENTE DE CATALOGACIÓN |
| Centro de catalogación original |
armpcda |
| Lenguaje de catalogación |
spa |
| Centro que realiza la transcripción |
armpcda |
| 041 ## - CÓDIGO DE LENGUAJE |
| Language code of text/sound track or separate title |
spa |
| 020 ## - NUMERO INTERNACIONAL NORMALIZADO PARA LIBROS (ISBN) |
| International Standard Book Number |
9213216602 |
| 001 - NÚMERO DE CONTROL |
| Campo de control |
000626 |
| 008 - ELEMENTOS DE LONGITUD FIJA INFORMACIÓN GENERAL |
| Campo de control de longitud fija |
147020s2000 ||||||||||||||000 | spa|| |
| 100 1# - Asiento principal. Nombre de persona |
| Nombre de persona |
Clichevsky, Nora |
| 245 10 - Mención de Título |
| Título |
Informalidad y segregación urbana en América Latina |
| Resto del título |
una aproximación. |
| Mención de responsabilidad |
Nora Clichevsky |
| 260 ## - Publicación, Distribución, Etc. (Pie de imprenta) |
| Lugar de publicación, distribución, etc. |
Santiago de Chile |
| Nombre del editor, distribuidor, etc. |
CEPAL |
| Fecha de publicación, distribución, etc. |
2000 |
| 300 0# - Descripción física |
| Extensión |
57 p. |
| Otras características físicas |
28 cm. |
| 490 #0 - SERIES STATEMENT |
| Series statement |
Medio ambiente y desarrollo |
| Volume number/sequential designation |
28 |
| 650 #4 - Punto de acceso adicional de materia -Término de materia |
| Término de materia o nombre geográfico como elemento inicia |
SOCIEDAD |
| 650 #4 - Punto de acceso adicional de materia -Término de materia |
| Término de materia o nombre geográfico como elemento inicia |
ESPACIO URBANO |
| 650 #4 - Punto de acceso adicional de materia -Término de materia |
| Término de materia o nombre geográfico como elemento inicia |
HABITAT INFORMAL |
| 650 #4 - Punto de acceso adicional de materia -Término de materia |
| Término de materia o nombre geográfico como elemento inicia |
POLITICAS DE ESTADO |
| 650 #4 - Punto de acceso adicional de materia -Término de materia |
| Término de materia o nombre geográfico como elemento inicia |
LEGALIZACION |
| 650 #4 - Punto de acceso adicional de materia -Término de materia |
| Término de materia o nombre geográfico como elemento inicia |
SEGREGACION SOCIO AMBIENTAL |
| 650 #4 - Punto de acceso adicional de materia -Término de materia |
| Término de materia o nombre geográfico como elemento inicia |
SUSTENTABILIDAD |
| 942 ## - ADDED ENTRY ELEMENTS (KOHA) |
| Koha item type |
LIBRO |
| Source of classification or shelving scheme |
|
| 901 ## - LOCAL DATA ELEMENT A, LDA (RLIN) |
| a |
n |
| b |
m |